000
00302nam a22001457a 4500
003
SGT
082
_a
370
_b
S10S
100
_a
SHARMA, N.P.
245
_a
SHARIRIK SHIKSHA
250
_a
1ST
260
_a
NEW DELHI
_b
KHEL SAHITYA KENDRA
_c
2010
300
_a
301
650
_a
EDUCATION
942
_2
ddc
_c
BK
999
_c
12184
_d
12184